Loading...
| Science - Chemistry | 0 | 10 | 0 | 2 | 100 | 47 | 71.10 | 0 | 5 | 12.77 | 23.14 |
| Science - Other | 0 | 5 | 0 | 0 | 50 | 30 | 63.80 | 0 | 2 | 8.79 | 13.69 |
| Science - Biology | 0 | 5 | 1 | 0 | 45 | 64 | 73.20 | 0 | 4 | 5.33 | 13.54 |
| Science - Physics | 0 | 5 | 1 | 1 | 45 | 34 | 71.20 | 0 | 2 | 6.52 | 10.71 |
| Fine Arts - Classical Music | 0 | 4 | 0 | 0 | 40 | 87 | 88.75 | 0 | 0 | 2.78 | 6.10 |
| History - Other | 0 | 3 | 0 | 0 | 30 | 54 | 86.33 | 0 | 0 | 2.57 | 7.44 |
| History - European | 0 | 3 | 0 | 0 | 30 | 35 | 68.33 | 0 | 0 | 4.53 | 5.43 |
| History - American | 0 | 3 | 1 | 0 | 25 | 48 | 76.00 | 0 | 2 | 3.61 | 7.51 |
| History - World | 0 | 2 | 0 | 0 | 20 | 9 | 58.50 | 1 | 1 | 3.81 | 4.69 |
| Geography | 0 | 2 | 0 | 1 | 20 | 53 | 85.50 | 0 | 2 | 3.73 | 11.35 |
| Literature - European | 0 | 2 | 1 | 0 | 15 | 124 | 125.00 | 0 | 0 | 0.00 | 2.60 |
| Literature - World | 0 | 1 | 0 | 0 | 10 | 111 | 111.00 | 0 | 0 | 0.38 | 1.79 |
| Literature - American | 0 | 1 | 0 | 0 | 10 | 85 | 85.00 | 0 | 0 | 0.76 | 2.08 |
| Painting/Sculpture | 0 | 1 | 0 | 0 | 10 | 54 | 54.00 | 0 | 0 | 2.16 | 2.38 |
| Philosophy | 0 | 1 | 0 | 0 | 10 | 73 | 73.00 | 0 | 1 | 2.28 | 5.47 |
| Religion | 0 | 1 | 0 | 0 | 10 | 43 | 43.00 | 1 | 1 | 2.55 | 4.17 |
| Mythology | 0 | 1 | 1 | 0 | 5 | 21 | 21.00 | 1 | 1 | 3.46 | 4.17 |
| Fine Arts - Other | 0 | 1 | 1 | 0 | 5 | 104 | 104.00 | 0 | 1 | 0.87 | 5.73 |
| Social Science | 0 | 1 | 1 | 0 | 5 | 57 | 57.00 | 0 | 0 | 5.05 | 6.88 |
| Literature - British | 0 | 0 | 0 | 0 | 0 | 0.00 | 0 | 0 | 0.00 | 0.00 |